009890000a22002650004500090001400000245007900014650002000093650002300113650003600136650003600172651006300208653001000271653003300281653002900314653002400343653003800367041001300405700003100418700003000449100002900479942001300508773002700521999001700548952015800565 aARb0219910aAssemblages of diurnal fruit-eating arboreal vertebrates at five fig trees14aPrimates99293814aFrugivoría9723314aDispersión de semillas99258814aRelación planta-animal992861 4lParque Nacional Natural La MacarenadMetapColombia992749 gFicus gAlouattaeAlouatta seniculus gAteleseAteles belzebuth gCebuseCebus apella gLagothrixeLagothrix lagothrichia0 aInglés1 aAlvarez R., Mauricio941751 aMejía, Carlos A.9940381 aJiménez, Iván995699 cARTICULO1 tPreprint33q1-7d1993 c11271d11271 001040718HEMEROTECAaBogotabBogotad2015-02-27hFuera de circulaciónl0oAR 02199p012585r2015-03-25 00:00:00t1w2015-03-25xDonaciónyARTICULO